[Event "POL-chT 2nd League"]
[Site "Jastrzebia Gora"]
[Date "2023.09.07"]
[Round "6.58"]
[White "Smagalski, Slawomir"]
[Black "Nagly, Wojciech"]
[Result "1/2-1/2"]
[WhiteElo "1942"]
[BlackElo "1833"]
[PlyCount "69"]
[EventDate "2023.09.02"]
[EventType "team-swiss"]
[EventRounds "9"]
[EventCountry "POL"]
[SourceTitle "EXT 2024"]
[Source "ChessBase"]
[SourceDate "2023.10.10"]
[SourceVersion "1"]
[SourceVersionDate "2023.10.10"]
[SourceQuality "1"]
[WhiteTeam "Konin Hetman"]
[BlackTeam "Wroclaw Srodmiescie"]
[WhiteTeamCountry "POL"]
[BlackTeamCountry "POL"]

1. Nf3 c5 2. c4 Nc6 3. Nc3 g6 4. g3 Bg7 5. Bg2 e6 6. 0-0 Nge7 7. d3 0-0 8. Bd2 d5 9. Qc1 b6 10. Bh6 Bxh6 11. Qxh6 Nf5 12. Qf4 Bb7 13. Rad1 Ncd4 14. Ne1 Re8 15. Qc1 Ne7 16. b3 Qd7 17. e3 Ndc6 18. Nf3 Rad8 19. Ne2 Qc7 20. h4 Ne5 21. Nxe5 Qxe5 22. d4 Qc7 23. dxc5 Qxc5 24. Qb2 Ba6 25. cxd5 Nxd5 26. Bf3 Bxe2 27. Bxe2 Qc3 28. Qa3 Qe5 29. Kg2 Rc8 30. Rd2 a5 31. Bf3 Red8 32. Rfd1 Qf6 33. Bxd5 Rxd5 34. Qa4 Rxd2 35. Rxd2 1/2-1/2

[Event "Wroclaw Black Horse op-B 1st"]
[Site "Wroclaw"]
[Date "2023.02.21"]
[Round "7"]
[White "Mackowiak, Szymon"]
[Black "Nagly, Wojciech"]
[Result "0-1"]
[WhiteElo "1681"]
[BlackElo "1581"]
[PlyCount "176"]
[EventDate "2023.02.18"]
[EventType "swiss"]
[EventRounds "10"]
[EventCountry "POL"]
[SourceTitle "EXT 2024"]
[Source "ChessBase"]
[SourceDate "2023.10.10"]
[SourceVersion "1"]
[SourceVersionDate "2023.10.10"]
[SourceQuality "1"]

1. d4 c5 2. d5 e5 3. e4 d6 4. Nc3 Be7 5. f4 Nd7 6. Nf3 Bf6 7. Nb5 Qb6 8. a4 a5 9. Nd2 exf4 10. Nc4 Bh4+ 11. Kd2 Qd8 12. Kc3 Nb6 13. Nxb6 Qxb6 14. Bxf4 Bf6+ 15. Kb3 Be7 16. Bc4 f6 17. g4 g5 18. Bg3 Nh6 19. h3 Bd7 20. Qd2 Kd8 21. Raf1 Nf7 22. h4 Bxg4 23. Qc3 Ne5 24. hxg5 Rf8 25. gxf6 Bxf6 26. Bxe5 dxe5 27. Rxh7 Bd7 28. Rh6 Bxb5 29. Bxb5 c4+ 30. Ka2 Qd6 31. Qh3 Kc7 32. Rh7+ Be7 33. Rxf8 Rxf8 34. Bxc4 Qc5 35. Bb5 Qd6 36. Qc3+ Kb6 37. Qe3+ Kc7 38. Rh6 Rf6 39. Qc3+ Kb6 40. Rh7 Rf4 41. Bd3 Rh4 42. Qb3+ Ka7 43. Rg7 Qf6 44. Rg8 Rh8 45. Rg1 Qb6 46. Qxb6+ Kxb6 47. Kb3 Bd6 48. Rg3 Kc5 49. Rg6 Rf8 50. Ka3 Rf3 51. Kb3 Rh3 52. Kc3 Rf3 53. Rg7 Kb6 54. Kc4 Rf8 55. c3 Rc8+ 56. Kb3 Rd8 57. Rg6 Rd7 58. Kc2 Kc5 59. Bb5 Rd8 60. b3 Bc7 61. Re6 Bd6 62. Kd3 Bc7 63. Re7 Kb6 64. b4 axb4 65. cxb4 Bd6 66. Re6 Kc7 67. Kc4 Rh8 68. Be8 Rh1 69. b5 Rc1+ 70. Kd3 Rb1 71. a5 Bb4 72. a6 bxa6 73. bxa6 Bd6 74. Bc6 Ra1 75. Bb5 Rb1 76. Bc4 Ra1 77. Rg6 Ra3+ 78. Kc2 Ra5 79. Rg7+ Kb6 80. Rd7 Kc5 81. Bd3 Ra2+ 82. Kb3 Ra5 83. a7 Ra1 84. Rb7 Kd4 85. Bb5 Bc5 86. Ba4 Ra3+ 87. Kc2 Rxa4 88. Rb1 Rxa7 0-1

[Event "Wroclaw Black Horse op-B 1st"]
[Site "Wroclaw"]
[Date "2023.02.18"]
[Round "2"]
[White "Ozkan, Salih"]
[Black "Nagly, Wojciech"]
[Result "0-1"]
[WhiteElo "1740"]
[BlackElo "1581"]
[PlyCount "154"]
[EventDate "2023.02.18"]
[EventType "swiss"]
[EventRounds "10"]
[EventCountry "POL"]
[SourceTitle "EXT 2024"]
[Source "ChessBase"]
[SourceDate "2023.10.10"]
[SourceVersion "1"]
[SourceVersionDate "2023.10.10"]
[SourceQuality "1"]

1. e4 c5 2. Nc3 Nc6 3. f4 d6 4. Bb5 Bd7 5. Nf3 a6 6. Bxc6 Bxc6 7. 0-0 g6 8. d3 Bg7 9. f5 b5 10. Ng5 Bd4+ 11. Kh1 Nf6 12. Ne2 h6 13. Nxd4 cxd4 14. Nf3 Qb6 15. fxg6 fxg6 16. e5 dxe5 17. Nxe5 Qb7 18. Nxc6 Qxc6 19. Bf4 Rc8 20. Rc1 Qd5 21. Qe2 g5 22. Be5 0-0 23. c3 dxc3 24. Bxc3 Rf7 25. a3 Rd8 26. Rf3 Rd6 27. Rcf1 Re6 28. Qf2 Ng4 29. Qg3 Rxf3 30. Qb8+ Kf7 31. Rxf3+ Nf6 32. h3 h5 33. Qh8 g4 34. hxg4 hxg4 35. Rf4 Qxd3 36. Qh5+ Qg6 37. Qxg6+ Kxg6 38. Bxf6 exf6 39. Rxg4+ Kf5 40. Rb4 Re4 41. Rb3 Kg4 42. Kg1 Rc4 43. Kh2 f5 44. Rg3+ Kf4 45. Rg6 Ra4 46. Rb6 Ke3 47. Kg1 Kd4 48. Kf2 Kc5 49. Rf6 Kc4 50. Rxf5 Kb3 51. Kf3 Kxb2 52. g4 Rxa3+ 53. Kf2 b4 54. g5 Rc3 55. Rf6 a5 56. Ra6 Rc5 57. g6 Rg5 58. Ke3 Kb3 59. Kf4 Rg1 60. Rxa5 Rxg6 61. Ke3 Rd6 62. Ke2 Kb2 63. Rb5 b3 64. Rb8 Kc2 65. Rc8+ Kb1 66. Rb8 b2 67. Ra8 Rd5 68. Rc8 Ka2 69. Ra8+ Kb3 70. Rb8+ Kc3 71. Rb7 Rd4 72. Rc7+ Kb3 73. Ke3 Rb4 74. Kd2 b1Q 75. Rc3+ Kb2 76. Rg3 Qc2+ 77. Ke1 Ra4 0-1

[Event "Wroclaw Anderssen Memorial"]
[Site "Wroclaw"]
[Date "2022.07.30"]
[Round "3"]
[White "Malecki, Eugeniusz"]
[Black "Nagly, Wojciech"]
[Result "1-0"]
[WhiteElo "1948"]
[BlackElo "1396"]
[PlyCount "73"]
[EventDate "2022.07.30"]
[EventType "swiss (rapid)"]
[EventRounds "9"]
[EventCountry "POL"]
[SourceTitle "CBM 209 Extra"]
[Source "ChessBase"]
[SourceDate "2022.09.30"]
[SourceVersion "1"]
[SourceVersionDate "2022.09.30"]
[SourceQuality "1"]

1. e4 c5 2. d3 d5 3. e5 Nc6 4. f4 e6 5. Nf3 b6 6. c3 d4 7. Nbd2 dxc3 8. bxc3 Bb7 9. Be2 Nge7 10. Ne4 Nd5 11. 0-0 Be7 12. Bd2 0-0 13. Qe1 Qc7 14. Qg3 f6 15. exf6 Bxf6 16. Nfg5 Rae8 17. Qh3 h6 18. Nxe6 Qd7 19. Nxf8 Qxh3 20. gxh3 Kxf8 21. Bh5 Re7 22. Rae1 Bc8 23. Bg4 Ba6 24. Nxf6 Nxf6 25. Rxe7 Kxe7 26. Re1+ Kf7 27. Bf3 Ne7 28. d4 cxd4 29. cxd4 Ned5 30. Re5 Ne7 31. Kf2 Bc8 32. h4 Ng6 33. Re1 Nxh4 34. Bc6 Nf5 35. d5 Ng4+ 36. Kg2 Nh4+ 37. Kg3 1-0

[Event "POL-ch U14"]
[Site "Uniejow"]
[Date "2021.07.22"]
[Round "5"]
[White "Leszcz, Mateusz"]
[Black "Nagly, Wojciech"]
[Result "0-1"]
[WhiteElo "1386"]
[BlackElo "1514"]
[PlyCount "70"]
[EventDate "2021.07.18"]
[EventType "swiss"]
[EventRounds "9"]
[EventCountry "POL"]
[SourceTitle "EXT 2022"]
[Source "ChessBase"]
[SourceDate "2021.10.06"]
[SourceVersion "1"]
[SourceVersionDate "2021.10.06"]
[SourceQuality "1"]

1. e4 c5 2. c3 Nf6 3. e5 Nd5 4. d4 cxd4 5. cxd4 Nc6 6. Nf3 d6 7. Bc4 Be6 8. 0-0 Ne3 9. Bxe3 Bxc4 10. Re1 e6 11. Nc3 d5 12. a3 Qb6 13. b4 a5 14. Na4 Qc7 15. bxa5 Qxa5 16. Nb2 Bxa3 17. Nxc4 dxc4 18. Qc2 b5 19. Bd2 Qa4 20. Qc3 0-0 21. Bc1 Bb4 22. Rxa4 Bxc3 23. Rxa8 Rxa8 24. Rd1 Ra1 25. Kf1 Bb2 26. Ke2 Rxc1 27. Rd2 Bc3 28. Ra2 g6 29. Ra8+ Kg7 30. Rc8 Nxd4+ 31. Nxd4 Bxd4 32. Rb8 Rc2+ 33. Kd1 Rxf2 34. Rxb5 c3 35. Rb4 c2+ 0-1

[Event "POL-ch U14"]
[Site "Uniejow"]
[Date "2021.07.22"]
[Round "6"]
[White "Nagly, Wojciech"]
[Black "Grot, Blazej"]
[Result "0-1"]
[WhiteElo "1514"]
[BlackElo "1786"]
[PlyCount "112"]
[EventDate "2021.07.18"]
[EventType "swiss"]
[EventRounds "9"]
[EventCountry "POL"]
[SourceTitle "EXT 2022"]
[Source "ChessBase"]
[SourceDate "2021.10.06"]
[SourceVersion "1"]
[SourceVersionDate "2021.10.06"]
[SourceQuality "1"]

1. e4 c5 2. Nf3 Nf6 3. e5 Nd5 4. c3 Nc6 5. d4 cxd4 6. cxd4 d6 7. Bc4 Nb6 8. Bb3 dxe5 9. dxe5 Qxd1+ 10. Bxd1 Bf5 11. 0-0 0-0-0 12. Bb3 e6 13. Be3 Nd5 14. Bg5 Be7 15. Bxd5 Rxd5 16. Bxe7 Nxe7 17. Nc3 Rd3 18. Nb5 Kb8 19. Rad1 Nc8 20. Nh4 Rhd8 21. Rxd3 Rxd3 22. Nxf5 exf5 23. Na3 Rd2 24. Nc4 Re2 25. a4 Nb6 26. Nd6 Rxe5 27. Nxf7 Re7 28. Nd6 Nxa4 29. Nxf5 Rf7 30. Nd6 Rd7 31. Nc4 b5 32. Ne5 Rd5 33. Nc6+ Kb7 34. Na5+ Kb6 35. Nb3 Nxb2 36. f4 a5 37. f5 Rd1 38. g4 a4 39. Nc1 Rxf1+ 40. Kxf1 Nc4 41. Ke2 b4 42. Nd3 b3 43. g5 a3 44. g6 hxg6 45. Kd1 a2 46. fxg6 a1Q+ 47. Ke2 Ne5 48. Nf4 Qb2+ 49. Ke3 Qxh2 50. Nd5+ Kc5 51. Nf4 Nxg6 52. Nxg6 Qg3+ 53. Kd2 Qxg6 54. Ke1 Qc2 55. Kf1 b2 56. Ke1 b1R# 0-1